Pháp lệnh cán bộ, công chức và những qui định mới về tuyển dụng, bổ nhiệm

Đã lưu trong:
書目詳細資料
格式: 圖書
語言:Undetermined
出版: Thành phố Hồ Chí Minh Tổng hợp Thành phố Hồ Chí Minh 2004
主題:
標簽: 添加標簽
沒有標簽, 成為第一個標記此記錄!
Thư viện lưu trữ: Trung tâm Học liệu Trường Đại học Cần Thơ
LEADER 00640nam a2200181Ia 4500
001 CTU_73824
008 210402s9999 xx 000 0 und d
020 |b 60000 
082 |a 344.59701 
082 |b Ph109 
245 0 |a Pháp lệnh cán bộ, công chức và những qui định mới về tuyển dụng, bổ nhiệm 
260 |a Thành phố Hồ Chí Minh 
260 |b Tổng hợp Thành phố Hồ Chí Minh 
260 |c 2004 
650 |a Labor laws and legislation,Labor policy 
650 |x Vietnam 
904 |i Năm, Qhieu 
980 |a Trung tâm Học liệu Trường Đại học Cần Thơ